000
00280nam a2200097Ia 4500
008
220204s9999 xx 000 0 und d
082
_a
5:061(540)
_b
PRO
245
0
_a
Proceedings of the 39th Indian Science Congress. Pt IV
260
_a
Calcutta
_b
Indian Science Congress
942
_c
BK
999
_c
21808
_d
21808